header

Impact evaluation of small and medium enterprise programs in Latin America and the Caribbean (Record no. 131149)

MARC details
000 -LEADER
fixed length control field 01865nam a2200385 a 4500
082 04 - DEWEY DECIMAL CLASSIFICATION NUMBER
Classification number 338.6/42098
100 1# - MAIN ENTRY--AUTHOR NAME
Personal name Lopez Acevedo, Gladys.
245 10 - TITLE STATEMENT
Title Impact evaluation of small and medium enterprise programs in Latin America and the Caribbean
260 ## - PUBLICATION, DISTRIBUTION, ETC. (IMPRINT)
Place of publication Washington, D.C. :
Name of publisher World Bank,
Year of publication 2011.
300 ## - PHYSICAL DESCRIPTION
Number of Pages xiii, 127 p. :
Other physical details ill. (some col.)
505 0# - FORMATTED CONTENTS NOTE
Formatted contents note Motivation,methodology and main findings -- A review of recent SME program impact evaluation studies -- Evaluating SME support programs in Chile using panel firm data -- Evaluating small and medium enterprise support programs in Colombia -- Mexico : impact evaluation of sme programs using panel firm data -- Evaluating small and medium enterprise support programs in Peru.
650 #0 - SUBJECT ADDED ENTRY--TOPICAL TERM
Topical Term Small business
Topical Term Small business
Topical Term Business enterprises
Topical Term Business enterprises
700 1# - ADDED ENTRY--PERSONAL NAME
Personal name Tan, Hong.
856 40 - ELECTRONIC LOCATION AND ACCESS
Uniform Resource Identifier http://site.ebrary.com/lib/rucke/Doc?id=10468643

No items available.

© 2026 Rongo University
Contact us: librarian | system librarian | Rongo university